Service charges in commercial property (Record no. 116254)

MARC details
000 -LEADER
fixed length control field 01694cad a2200361aa 4500
001 - CONTROL NUMBER
control field L160167
008 - FIXED-LENGTH DATA ELEMENTS--GENERAL INFORMATION
fixed length control field 180918s2018 xxk 000 0 eng u
020 ## - INTERNATIONAL STANDARD BOOK NUMBER
International Standard Book Number 9781783213221
035 ## - SYSTEM CONTROL NUMBER
System control number (Sirsi) u160167
041 0# - LANGUAGE CODE
Language code of text/sound track or separate title eng
110 2# - MAIN ENTRY--CORPORATE NAME
Corporate name or jurisdiction name as entry element Royal Institution of Chartered Surveyors
9 (RLIN) 4900
245 00 - TITLE STATEMENT
Title Service charges in commercial property
Remainder of title RICS Professional Statement UK
Medium [electronic resource]
250 ## - EDITION STATEMENT
Edition statement 1st ed
260 ## - PUBLICATION, DISTRIBUTION, ETC.
Place of publication, distribution, etc. London
Name of publisher, distributor, etc. RICS
Date of publication, distribution, etc. 2018
490 #0 - SERIES STATEMENT
Series statement RICS Professional Statement
490 #0 - SERIES STATEMENT
Series statement RICS Guidance Note
520 ## - SUMMARY, ETC.
Summary, etc. Sets out best practice in the management and administration of service charges in commercial property and provides mandatory obligations for RICS members and registered firms to follow. Formerly Code of Practice now Professional Statement.
520 ## - SUMMARY, ETC.
Summary, etc. Effective from 1 April 2019
520 ## - SUMMARY, ETC.
Summary, etc. Supersedes third edition Code of Practice 2014 ISBN 9781783210381,
520 ## - SUMMARY, ETC.
Summary, etc. This guidance note was amended January 2022 to update references to the RICS Rules of Conduct and again reissued in September 2023 as a professional standard
590 ## - LOCAL NOTE (RLIN)
Local note KA
650 24 - SUBJECT ADDED ENTRY--TOPICAL TERM
Topical term or geographic name entry element SERVICE CHARGES
651 #4 - SUBJECT ADDED ENTRY--GEOGRAPHIC NAME
Geographic name United Kingdom
690 ## - LOCAL SUBJECT ADDED ENTRY--TOPICAL TERM (OCLC, RLIN)
Topical term or geographic name as entry element Commercial property
9 (RLIN) 6227
690 ## - LOCAL SUBJECT ADDED ENTRY--TOPICAL TERM (OCLC, RLIN)
Topical term or geographic name as entry element Property management
9 (RLIN) 6262
710 2# - ADDED ENTRY--CORPORATE NAME
Corporate name or jurisdiction name as entry element British Council for Offices
9 (RLIN) 3992
710 2# - ADDED ENTRY--CORPORATE NAME
Corporate name or jurisdiction name as entry element Revo
9 (RLIN) 6180
710 2# - ADDED ENTRY--CORPORATE NAME
Corporate name or jurisdiction name as entry element British Property Federation
9 (RLIN) 1604
710 2# - ADDED ENTRY--CORPORATE NAME
Corporate name or jurisdiction name as entry element British Retail Consortium
9 (RLIN) 1582
710 2# - ADDED ENTRY--CORPORATE NAME
Corporate name or jurisdiction name as entry element Property Managers Association
9 (RLIN) 213
856 40 - ELECTRONIC LOCATION AND ACCESS
Uniform Resource Identifier <a href="https://www.rics.org/profession-standards/rics-standards-and-guidance/sector-standards/real-estate-standards/service-charges-in-commercial-property-1st-edition">https://www.rics.org/profession-standards/rics-standards-and-guidance/sector-standards/real-estate-standards/service-charges-in-commercial-property-1st-edition</a>
Public note Available on RICS.org
942 ## - ADDED ENTRY ELEMENTS (KOHA)
Suppress in OPAC 0
Source of classification or shelving scheme Dewey Decimal Classification
Holdings
Withdrawn status Lost status Source of classification or shelving scheme Damaged status Not for loan Home library Current library Shelving location Date acquired Total Checkouts Full call number Barcode Date last seen Copy number Price effective from Koha item type
    Dewey Decimal Classification     Virtual Virtual Books 18/09/2018   ONLINE PUBLICATION 160167-2001 06/08/2019 1 06/08/2019 Book